Minecraft Overworld Biomes by Pictures - Statistics

General Stats
  • This quiz has been taken 101 times
  • The average score is 24 of 54
Answer Stats
Picture Answer % Correct
Jungle
91%
Badlands / Mesa
89%
Beach
84%
Desert
84%
Birch Forest
80%
Swamp
72%
Ocean
71%
Taiga
71%
Deep Ocean
70%
Plains
68%
Ice Spikes
66%
Bamboo Jungle
65%
Forest
63%
Warm Ocean
62%
River
59%
Savanna
59%
Deep Dark
52%
Lush Caves
52%
Cold Ocean
51%
Dark Forest
51%
Dripstone Cave
51%
Cherry Grove
49%
Flower Forest
47%
(mountain) Grove
44%
Frozen River
43%
Snowy Plains
41%
Lukewarm Ocean
39%
Meadow
39%
Pale Garden
39%
Snowy Taiga
38%
Frozen Ocean
35%
Snowy Beach
35%
Mangrove Swamp
32%
Deep Cold Ocean
29%
Deep Lukewarm Ocean
28%
Old Growth Birch Forest
25%
Sunflower Plains
25%
Wooded Badlands
25%
Eroded Badlands
24%
Mushroom Fields
24%
Stony Shore
24%
Deep Frozen Ocean
23%
Frozen Peaks
23%
Old Growth Pine Taiga
23%
Savanna Plateau
23%
Old Growth Spruce Taiga
22%
Sparse Jungle
20%
Windswept Savanna
20%
Jagged Peaks
19%
Stony Peaks
19%
Snowy Slopes
18%
Windswept Hills
18%
Windswept Forest
14%
Windswept Gravelly Hills
14%
No matching quizzes found
Score Distribution
Percent of People with Each Score
Percentile by Number Answered
Your Score History
You have not taken this quiz